| 000 | 00468nam a2200157 i 4500 | ||
|---|---|---|---|
| 001 | 45115 | ||
| 003 | ES-MaACL | ||
| 005 | 20230906161146.0 | ||
| 007 | t| | ||
| 008 | 030325s1952 sp ||||1| spa d | ||
| 100 | 1 |
_aClavero Núñez, A. ( _d1903-1962) _939135 |
|
| 245 | 1 | 0 |
_aAspectos humanos del parto normal... / _cAntonio Clavero Núñez. |
| 260 |
_aValencia : _b[s.n., _c1952] ( _fTip. Moderna) |
||
| 300 |
_a242 p. ; _c19 cm. |
||
| 852 |
_aES-MaACL _jD-9186 _bR.34168 |
||
| 999 |
_c45115 _d45115 |
||